000 00430nam a2200169Ia 4500
001 15383
005 20260306170152.0
008 260306t9999||||xx |||||||||||||| ||und||
041 _aESP
082 _a537
_bP46 T. 2
100 _aPérez Terrel, Walter
_eAUT
245 0 _aSolucionario de física:
_belectricidad, magnetismo y óptica
300 _aT. 2
_c21cm.
650 _aGEN
654 _aCCN
942 _cLIB
_dJUS
_fJUS
_2ddc
_n
999 _c15383
_d15383